000 01534nam a2200397 c 4500
001 58998
003 CO-BoRNBP
005 20250901221229.0
007 ta
008 140606s2013 sp a|||br||| 000 0jsspadd
020 _a9588787238
020 _a9789588787237
040 _aCO-BoRNBP
_bspa
_erda
_cCO-BoRNBP
041 1 _aspa
_hfre
043 _ae-fr---
084 _aC
100 1 _aGay, Michel
_d1947-
_eaut
_964602
245 1 0 _aBibundé /
_cMichel Gay ; traducción Anna Coll-Vinent.
250 _aPrimera edición
_bEdición especial para el Ministerio de Cultura
264 1 _aBarcelona, España :
_bNomos Impresores,
_c2013
300 _a37 páginas :
_bilustraciones en color
336 _atexto
_btxt
_2rdacontenido
337 _asin mediación
_bn
_2rdamedio
338 _avolumen
_bnc
_2rdasoporte
490 0 _aBiblioteca del ratoncito Pérez
490 0 _aColección para la Primera Infancia del Ministerio de Cultura - Primera Infancia 2013
520 _aLa increíble historia del primer baño del más pequeño de los pingüinos. El famoso Bibundé, hijo único del Emperador y la Emperatriz de los pingüinos
521 _aRecomendado para niños de 2 a 4 años
534 _tBiboundé
650 0 4 _aCuentos infantiles franceses
_ySiglo XX
_2LEMB
_91783
650 0 4 _aLiteratura infantil francesa
_ySiglo XX
_2LEMB
_91784
650 0 0 _aFamilia en la literatura
_2LEMB
_91235
700 _aColl Vinent, Anna
_etrl
830 _aPlan Nacional de lectura y escritura leer es mi cuento
942 _2loc
_cBKLITI
999 _c58998
_d58998